[Event "Sparkassen-Open A"]
[Site "Heusenstamm, Martinsee"]
[Date "2022.11.19"]
[Round "4.81"]
[White "Hinz, André"]
[Black "Ploder, Udo"]
[Result "1/2-1/2"]
[WhiteElo "1668"]
[BlackElo "1879"]
[PlyCount "82"]
[EventDate "2022.??.??"]
[WhiteTeam "SC Brett vorm Kopp Ffm"]
[BlackTeam "SF Braunfels"]

1. c4 e5 2. Nc3 Nf6 3. Nf3 Nc6 4. e3 Bb4 5. Qc2 O-O 6. Be2 Re8 7. a3 Bxc3 8.
dxc3 e4 9. Nd4 Ne5 10. f4 exf3 11. gxf3 d5 12. cxd5 Nxd5 13. h4 Qf6 14. e4 Nf4
15. Bxf4 Qxf4 16. Kf2 c5 17. Nb3 Ng4+ 18. Ke1 Ne3 19. Qc1 Qg3+ 20. Kd2 Qf2 21.
Qe1 Rd8+ 22. Kc1 Qxe1+ 23. Rxe1 Ng2 24. Rh1 b6 25. Nd2 Be6 26. Bc4 Bxc4 27.
Nxc4 b5 28. Rh2 Ne1 29. Ne5 f6 30. Re2 Nd3+ 31. Nxd3 Rxd3 32. Rf2 Rad8 33. Kc2
Kf7 34. Rg1 g6 35. Re1 c4 36. e5 fxe5 37. Rxe5 R8d5 38. Re4 Rf5 39. Rfe2 Rd7
40. R2e3 Rfd5 41. Re2 Rd3 1/2-1/2

[Event "Sparkassen-Open A"]
[Site "Heusenstamm, Martinsee"]
[Date "2022.11.19"]
[Round "4.82"]
[White "Burkhardt, Jan"]
[Black "Fanin, Erik"]
[Result "1-0"]
[WhiteElo "1619"]
[BlackElo "1850"]
[PlyCount "47"]
[EventDate "2022.??.??"]
[WhiteTeam "Sfr.Mainz 1928"]
[BlackTeam "SK König Tegel 1949"]

1. e4 c6 2. d4 d5 3. f3 Nf6 4. e5 Nfd7 5. Bd3 e6 6. Ne2 Be7 7. O-O O-O 8. Nd2
c5 9. c3 Nc6 10. f4 g6 11. Nf3 Re8 12. Qc2 c4 13. Bxg6 hxg6 14. g4 Nf8 15. g5
b5 16. h4 b4 17. Ng3 Rb8 18. h5 Qa5 19. Nh4 Kg7 20. hxg6 fxg6 21. Qh2 Bxg5 22.
fxg5 Ne7 23. Nxg6 Ng8 24. Qh8+ 1-0

[Event "Sparkassen-Open A"]
[Site "Heusenstamm, Martinsee"]
[Date "2022.11.19"]
[Round "4.83"]
[White "Groß, Phillip"]
[Black "Burkart, Lloyd Shang"]
[Result "0-1"]
[WhiteElo "1669"]
[BlackElo "1768"]
[PlyCount "96"]
[EventDate "2022.??.??"]
[WhiteTeam "Spvgg Böblingen"]
[BlackTeam "SV 1920 Hofheim"]

1. d4 Nf6 2. c4 e6 3. Nc3 Bb4 4. e3 O-O 5. Nge2 Re8 6. a3 Bf8 7. e4 d6 8. Ng3
c5 9. Be3 cxd4 10. Bxd4 Nc6 11. Be3 b6 12. Be2 Bb7 13. O-O Rc8 14. f4 Na5 15.
Qa4 Qd7 16. Qb5 Bc6 17. Qg5 Be7 18. Nh5 Nxh5 19. Qxh5 Bb7 20. Rf3 g6 21. Rg3
Bf6 22. Qg4 Nxc4 23. Bxc4 Rxc4 24. h4 Bxe4 25. Nxe4 Rxe4 26. h5 Rxe3 27. Rxe3
Bd4 28. Rae1 Qe7 29. Kh2 Bxe3 30. Rxe3 Qf6 31. Rc3 Kg7 32. Rc7 Re7 33. Rc8 Qf5
34. h6+ Kxh6 35. Qh4+ Qh5 36. Qxh5+ Kxh5 37. Rh8 Kh6 38. Rc8 d5 39. Kg3 Kg7 40.
Kf3 h5 41. b4 f6 42. g3 e5 43. Rd8 d4 44. fxe5 fxe5 45. Ke4 Kf6 46. Rf8+ Kg5
47. Rh8 Rd7 48. Re8 d3 0-1

[Event "Sparkassen-Open A"]
[Site "Heusenstamm, Martinsee"]
[Date "2022.11.19"]
[Round "4.84"]
[White "Lorenz, Alexander"]
[Black "Kolker, Vladislav"]
[Result "1/2-1/2"]
[WhiteElo "1691"]
[BlackElo "1898"]
[PlyCount "58"]
[EventDate "2022.??.??"]
[WhiteTeam "SV Bergwinkel"]
[BlackTeam "SC Bad Nauheim"]

1. e4 e5 2. Nf3 Nc6 3. d4 exd4 4. Bc4 Nf6 5. e5 d5 6. Bb5 Ne4 7. Nxd4 Bd7 8.
Nxc6 bxc6 9. Bd3 Bc5 10. Bxe4 dxe4 11. Nc3 Bf5 12. Bf4 O-O 13. O-O f6 14. Qe2
fxe5 15. Bxe5 Qe7 16. Qc4+ Kh8 17. Bxc7 e3 18. Bg3 Bxc2 19. Rac1 exf2+ 20. Kh1
Bg6 21. Nd1 Rf5 22. Nxf2 Raf8 23. Rfe1 Qd8 24. Ne4 Qd4 25. h4 Qxc4 26. Rxc4
Rf1+ 27. Rxf1 Rxf1+ 28. Kh2 Bg1+ 29. Kh1 Bd4+ 1/2-1/2

[Event "Sparkassen-Open A"]
[Site "Heusenstamm, Martinsee"]
[Date "2022.11.19"]
[Round "4.85"]
[White "Mohr, Thomas"]
[Black "Kissel, Tom"]
[Result "1-0"]
[WhiteElo "1886"]
[BlackElo "1660"]
[PlyCount "91"]
[EventDate "2022.??.??"]
[WhiteTeam "SC FK Babenhausen 1994"]
[BlackTeam "SF Sailauf"]

1. f4 d5 2. Nf3 Nc6 3. e3 Bd7 4. b3 Nf6 5. Bb2 e6 6. Be2 Bd6 7. O-O Qe7 8. d4
Bb4 9. c4 dxc4 10. bxc4 b6 11. Ne5 O-O 12. Bf3 Qe8 13. Qb3 Ba5 14. Nxd7 Qxd7
15. Qb5 Nb4 16. Qxd7 Nxd7 17. Bxa8 Rxa8 18. Rf2 c5 19. Bc3 cxd4 20. exd4 Rc8
21. Rd2 Rxc4 22. a3 Nd5 23. Bxa5 bxa5 24. Kf2 Nxf4 25. Raa2 Rc1 26. Rab2 Nb6
27. g3 Nfd5 28. Rdc2 Rxc2+ 29. Rxc2 Kf8 30. Nc3 Ne7 31. Ne4 Ned5 32. Rc5 a4 33.
Ra5 f5 34. Nc5 Ke7 35. Rxa7+ Kf6 36. Nxa4 Nxa4 37. Rxa4 g5 38. Ra7 h5 39. a4 f4
40. a5 Kf5 41. gxf4 g4 42. Rd7 Nb4 43. Rb7 Na6 44. Rb6 Nc7 45. Rc6 Nb5 46. Rc5+
1-0

[Event "Sparkassen-Open A"]
[Site "Heusenstamm, Martinsee"]
[Date "2022.11.19"]
[Round "4.87"]
[White "Jung, Maximilian"]
[Black "Rohatgi, Kushagra"]
[Result "0-1"]
[WhiteElo "1820"]
[BlackElo "1490"]
[PlyCount "66"]
[EventDate "2022.??.??"]
[WhiteTeam "TSV Schott Mainz"]
[BlackTeam "TuS Makkabi Ffm"]

1. e4 e5 2. Nf3 Nc6 3. Bc4 Nf6 4. d3 Bc5 5. c3 d6 6. O-O O-O 7. Nbd2 a6 8. Bb3
Ba7 9. h3 h6 10. Re1 Re8 11. Nf1 Ne7 12. Ng3 Ng6 13. a4 Bd7 14. d4 exd4 15.
cxd4 Bc6 16. d5 Bd7 17. Nd4 Nh4 18. Bc2 Bxd4 19. Qxd4 Bxh3 20. e5 Nxg2 21. Re2
dxe5 22. Rxe5 Rxe5 23. Qxe5 Nh4 24. Bd1 Ng6 25. Qd4 Qe7 26. Bd2 Rd8 27. Bf3 c5
28. Qe3 Qd6 29. Bc3 Nxd5 30. Qd2 Nxc3 31. Qxc3 Ne5 32. Bxb7 Ng4 33. Nf5 Qh2#
0-1

[Event "Sparkassen-Open A"]
[Site "Heusenstamm, Martinsee"]
[Date "2022.11.19"]
[Round "4.88"]
[White "Hering, Sven"]
[Black "Rabiya, Karim"]
[Result "0-1"]
[WhiteElo "1908"]
[BlackElo "1799"]
[PlyCount "68"]
[EventDate "2022.??.??"]
[WhiteTeam "VfB 07 Lettin"]
[BlackTeam "SK Niederbrechen 1948"]

1. e4 Nf6 2. e5 Nd5 3. d4 d6 4. Nf3 g6 5. Bd3 c5 6. exd6 Qxd6 7. c3 cxd4 8.
Qa4+ Nc6 9. Nxd4 Bd7 10. Nb5 Qe5+ 11. Qe4 a6 12. f4 Qe6 13. Qxe6 Bxe6 14. N5a3
Rd8 15. Be4 b5 16. O-O Bg7 17. Nc2 f5 18. Bf3 Na5 19. Ne3 Nxe3 20. Bxe3 Nc4 21.
Bc1 Kf7 22. Rf2 Bd5 23. b3 Bxf3 24. bxc4 Rd1+ 25. Rf1 Rhd8 26. Bb2 Rxf1+ 27.
Kxf1 Rd1+ 28. Kf2 Be4 29. cxb5 axb5 30. a4 bxa4 31. Rxa4 Rxb1 32. Rb4 h5 33. h3
h4 34. Rb6 Bxc3 0-1

[Event "Sparkassen-Open A"]
[Site "Heusenstamm, Martinsee"]
[Date "2022.11.19"]
[Round "4.89"]
[White "Weber, Nikita"]
[Black "Peter, Laurenz"]
[Result "1-0"]
[WhiteElo "1441"]
[BlackElo "1851"]
[PlyCount "35"]
[EventDate "2022.??.??"]
[WhiteTeam "Vorw.Orient Mainz"]
[BlackTeam "SG Kaarst 1912/35"]

1. c4 Nf6 2. Nc3 e5 3. g3 c6 4. d3 Be7 5. Nf3 Qc7 6. Bh3 O-O 7. e4 a5 8. Be3
Na6 9. Nh4 Bc5 10. Bg5 Ne8 11. Qh5 d6 12. Bxc8 Rxc8 13. Qg4 f6 14. Bd2 Nb4 15.
Ke2 Nc2 16. Raf1 Rb8 17. Nf5 Qc8 18. Ne7+ 1-0

[Event "Sparkassen-Open A"]
[Site "Heusenstamm, Martinsee"]
[Date "2022.11.19"]
[Round "4.90"]
[White "Reuter, Klaus"]
[Black "Kosak, Matjaz"]
[Result "1-0"]
[WhiteElo "1599"]
[BlackElo "1749"]
[PlyCount "61"]
[EventDate "2022.??.??"]
[WhiteTeam "vereinslos"]
[BlackTeam "SV Frankfurt Nord 1926"]

1. e4 c5 2. Nf3 d6 3. d4 cxd4 4. Nxd4 Nf6 5. Nc3 g6 6. Bc4 Bg7 7. f3 a6 8. a3
b5 9. Ba2 Qb6 10. Be3 Nc6 11. Nf5 Qa5 12. Nxg7+ Kf8 13. Bh6 Kg8 14. O-O b4 15.
Nd5 Nxd5 16. Qxd5 Qxd5 17. Bxd5 Bd7 18. axb4 e6 19. Bxc6 Bxc6 20. c4 Bd7 21.
Rfd1 d5 22. cxd5 e5 23. Rac1 Ra7 24. Rc5 g5 25. Rdc1 f6 26. Rc8+ Bxc8 27. Rxc8+
Kf7 28. Rxh8 Kg6 29. Nf5 Rb7 30. Rg8+ Kh5 31. g4# 1-0

[Event "Sparkassen-Open A"]
[Site "Heusenstamm, Martinsee"]
[Date "2022.11.19"]
[Round "4.91"]
[White "Minor, Dieter"]
[Black "Meyer-Jany, Marcel"]
[Result "0-1"]
[WhiteElo "1817"]
[BlackElo "1766"]
[PlyCount "80"]
[EventDate "2022.??.??"]
[WhiteTeam "Wiesbadener SV 1885"]
[BlackTeam "SK Herborn 1946"]

1. d4 d5 2. Nf3 Nf6 3. Bf4 c5 4. e3 Nc6 5. c3 Qb6 6. b3 Bf5 7. Be2 e6 8. O-O h6
9. h3 Be7 10. Ne5 O-O 11. Bd3 Bxd3 12. Qxd3 Rac8 13. Nd2 Rfd8 14. Nxc6 Rxc6 15.
Nf3 cxd4 16. cxd4 Rdc8 17. Ne5 Rc3 18. Qd1 Qa5 19. Qf3 Rc2 20. g4 Rxa2 21. Rac1
Rxc1 22. Rxc1 Ra1 23. Rxa1 Qxa1+ 24. Kg2 Qb1 25. h4 Qe4 26. g5 hxg5 27. Bxg5
Qxf3+ 28. Nxf3 Kf8 29. Bxf6 Bxf6 30. h5 a5 31. Kf1 Kg8 32. Kg2 Kh7 33. Kg3 Kh6
34. Kg4 b5 35. Nd2 a4 36. bxa4 bxa4 37. Nb1 Be7 38. Nc3 a3 39. Na2 f5+ 40. Kf4
Bd6+ 0-1

[Event "Sparkassen-Open A"]
[Site "Heusenstamm, Martinsee"]
[Date "2022.11.19"]
[Round "4.92"]
[White "Hebauf, Markus"]
[Black "Colditz, Elias"]
[Result "0-1"]
[WhiteElo "1547"]
[BlackElo "1680"]
[PlyCount "58"]
[EventDate "2022.??.??"]
[WhiteTeam "Sfr.1932 Kelkheim"]
[BlackTeam "SV Multatuli Ingelheim"]

1. d4 Nf6 2. c4 e6 3. Nc3 Bb4 4. Bg5 O-O 5. Nf3 d5 6. Qc2 c5 7. e3 Nc6 8. cxd5
cxd4 9. dxc6 dxc3 10. bxc3 Ba5 11. Bd3 h6 12. Rd1 hxg5 13. Bh7+ Nxh7 14. Rxd8
Rxd8 15. O-O bxc6 16. Qa4 Bb6 17. Qxc6 Ba6 18. Rc1 Rac8 19. Qa4 Bb7 20. Ne5 Nf6
21. h4 Nd5 22. c4 Nxe3 23. c5 Nd5 24. c6 Ba8 25. hxg5 Ne7 26. Qh4 Rd4 27. Qh5
Rf4 28. Rc3 Bxf2+ 29. Kh2 Rh4+ 0-1

[Event "Sparkassen-Open A"]
[Site "Heusenstamm, Martinsee"]
[Date "2022.11.19"]
[Round "4.93"]
[White "Koholka, Jan"]
[Black "Stolle, Hendrik"]
[Result "1/2-1/2"]
[WhiteElo "1750"]
[BlackElo "1641"]
[PlyCount "161"]
[EventDate "2022.??.??"]
[WhiteTeam "SK Langen"]
[BlackTeam "TG Biberach"]

1. e4 g6 2. d4 Bg7 3. Nf3 d6 4. c4 Nf6 5. Nc3 O-O 6. Be2 c5 7. d5 e6 8. O-O
exd5 9. cxd5 Re8 10. Qc2 Bg4 11. h3 Bxf3 12. Bxf3 a6 13. a4 Nbd7 14. Be2 Qe7
15. Bg5 h6 16. Bxf6 Nxf6 17. Bf3 Nh7 18. Rfe1 Qh4 19. Bg4 h5 20. g3 Qf6 21. Be2
h4 22. Kg2 Qg5 23. Qd3 hxg3 24. fxg3 f5 25. exf5 Bxc3 26. h4 Qxf5 27. bxc3 Re5
28. Qxf5 gxf5 29. Bf3 Rae8 30. Rxe5 Rxe5 31. Rb1 Nf6 32. Rxb7 Nxd5 33. Bxd5+
Rxd5 34. Ra7 Rd3 35. Rxa6 Rxc3 36. Rxd6 c4 37. Rc6 Kf7 38. a5 Ra3 39. Rxc4 Rxa5
40. Rc6 Ra3 41. Rd6 Rb3 42. Kf2 Rc3 43. Ra6 Kg7 44. Re6 Kf7 45. Rc6 Rb3 46. Kg2
Ra3 47. h5 Rb3 48. h6 Ra3 49. Rc7+ Kg8 50. h7+ Kh8 51. Rf7 Rb3 52. Kh3 Rb4 53.
Rxf5 Kxh7 54. Rf4 Rb1 55. Kh4 Kg6 56. Ra4 Rh1+ 57. Kg4 Rg1 58. Ra6+ Kg7 59. Kf4
Rf1+ 60. Kg5 Rf3 61. Ra7+ Kf8 62. g4 Rc3 63. Kh5 Rh3+ 64. Kg6 Rd3 65. g5 Rg3
66. Rb7 Rg2 67. Rf7+ Kg8 68. Ra7 Kf8 69. Ra5 Rg3 70. Rf5+ Kg8 71. Kf6 Rb3 72.
g6 Rb6+ 73. Kg5 Rb1 74. Re5 Rf1 75. Rf5 Rg1+ 76. Kh5 Rh1+ 77. Kg5 Rc1 78. Re5
Rf1 79. Re4 Rf2 80. Rh4 Kg7 81. Rh7+ 1/2-1/2